000 00643nam a22002417a 4500
003 UA-OsUOA
001 86875
007 ta
008 20120912b un ||||| |||| 00| 0 ukr d
100 _aБольшак Василь
090 _a821.161.2
_bБ79
942 _cBK
040 _aUA-OsUOA
_brus
_cUA-OsUOA
_dUA-OsUOA
245 _aНе проспать росы
300 _a228 с.
955 _a3
041 _arus
080 _a821.161.2
020 _a5-265-00014-3
260 _aМ.
_bСоветский писатель
_c1989
650 7 _a82 Література. Літературознавство
_2UDC
999 _c373046
_d373046